000 00588nam a2200229Ia 4500
003 OSt
005 20220918204741.0
006 a|||||r|||| 00| 0
007 ta
008 220917b |||||||| |||| 00| 0 eng d
024 _a113,989
037 _cTextual
040 _aARTS
_cARTS
_beng
041 _2eng
_aeng
082 _aV5:17.L<-I, M9
100 _aScammell G V
245 0 _aFirst imperial age
_b European overseas expansion C1400-1715
260 _c1989
650 _aHISTORY
942 _hV5:17.L<-I, M9
_cTEXL
_2CC
999 _c237320
_d237320